Normal view
MARC view
Entry Topical Term
001 - CONTROL NUMBER
- control field: 13254
003 - CONTROL NUMBER IDENTIFIER
- control field: dpl
005 - DATE AND TIME OF LATEST TRANSACTION
- control field: 20100814122344.0
008 - FIXED-LENGTH DATA ELEMENTS
- fixed length control field: 100814|||a|||||| | ||| d
040 ## - CATALOGING SOURCE
- Original cataloging agency: dpl
- Transcribing agency: dpl
150 ## - HEADING--TOPICAL TERM
- Topical term or geographic name as entry element: International Relation
670 ## - SOURCE DATA FOUND
- Source citation: Work cat.: (dpl)41860: Dhadphale, M.G. 13253, Indo-Italica /, 2009
670 ## - SOURCE DATA FOUND
- Source citation: Work cat.: (dpl)41860: Dhadphale, M.G. 13253, Indo-Italica /, 2009
